El presente eterno (Record no. 71891)

MARC details
000 -LEADER
campo de control de longitud fija 00732nam a2200205 i 4500
001 - NÚMERO DE CONTROL
campo de control 71891
003 - IDENTIFICADOR DE NÚMERO DE CONTROL
campo de control ES-MaACL
005 - FECHA Y HORA DE LA ÚLTIMA TRANSACCIÓN
campo de control 20250808040852.0
007 - CAMPO FIJO DE DESCRIPCIÓN FÍSICA--INFORMACIÓN GENERAL
campo de control de longitud fija t|
008 - DATOS DE LONGITUD FIJA--INFORMACIÓN GENERAL
campo de control de longitud fija 040819s1981 sp ||||1| spa d
100 1# - ENTRADA PRINCIPAL--NOMBRE DE PERSONA
Nombre de persona Giedion, Sigfried.
9 (RLIN) 56681
245 13 - MENCIÓN DEL TÍTULO
Título El presente eterno
Resto del título : los comienzos de la arquitectura : una aportación al tema de la constancia y el cambio /
Mención de responsabilidad, etc. Sigfried Giedion ; versión de Joaquín Fernández Bernaldo de Quirós.
260 ## - PUBLICACIÓN, DISTRIBUCIÓN, ETC.
Lugar de publicación, distribución, etc. [Madrid] :
Nombre del editor, distribuidor, etc. Alianza,
Fecha de publicación, distribución, etc. [1981]
300 ## - DESCRIPCIÓN FÍSICA
Extensión 535 p., 38 lám. :
Otras características físicas il. ;
Dimensiones 23 cm.
490 1# - MENCIÓN DE SERIE
Mención de serie Alianza forma
700 1# - ENTRADA AGREGADA--NOMBRE PERSONAL
Nombre de persona Bernaldo de Quirós, Fernando.
9 (RLIN) 28217
830 00 - PUNTO DE ACCESO ADICIONAL DE SERIE-TÍTULO UNIFORME
Título uniforme Alianza forma
9 (RLIN) 177869
852 ## - LOCALIZACIÓN
Ubicación ES-MaACL
Número de control de estantería L-1963
Sublocalización o colección R.102615
Holdings
Estatus retirado Estado de pérdida Estado de daño No para préstamo Biblioteca de origen Biblioteca actual Ubicación en estantería Fecha de adquisición Fuente de adquisición Total de préstamos Signatura topográfica completa Código de barras Visto por última vez Precio de reemplazo Tipo de ítem Koha
        Biblioteca del Ateneo de Madrid Biblioteca del Ateneo de Madrid Depósito 2 17/01/2008     L-1963 1075259 23/02/2023 23/02/2023 Libro impreso